Segamat : (Record no. 156277)

MARC details
000 -LEADER
fixed length control field 00697nam a2200241 i 4500
001 - CONTROL NUMBER
control field C2-0191054
003 - CONTROL NUMBER IDENTIFIER
control field PPAK
005 - DATE AND TIME OF LATEST TRANSACTION
control field 20180728095725.0
008 - FIXED-LENGTH DATA ELEMENTS--GENERAL INFORMATION
fixed length control field 990102s1996 my a|||| ||||| | may d
020 ## - INTERNATIONAL STANDARD BOOK NUMBER
International Standard Book Number 9839171089
040 ## - CATALOGING SOURCE
Original cataloging agency PPAK
Language of cataloging eng
Transcribing agency PPAK
Description conventions rda
082 04 - DEWEY DECIMAL CLASSIFICATION NUMBER
Classification number 907.2
Edition number 23
090 00 - LOCALLY ASSIGNED LC-TYPE CALL NUMBER (OCLC); LOCAL CALL NUMBER (RLIN)
Classification number (OCLC) (R) ; Classification number, CALL (RLIN) (NR) 907.2
Feature heading UNG
Feature heading KAR
Classification number (OCLC) (R) ; Classification number, CALL (RLIN) (NR) 907.2
Feature heading UNG
Feature heading KIH
100 0# - MAIN ENTRY--PERSONAL NAME
Personal name Ungku Mohd Zaman Tahir,
Titles and words associated with a name Drs.
Relator term author
245 10 - TITLE STATEMENT
Title Segamat :
Remainder of title sejarah dan mitosnya
264 #1 - PRODUCTION, PUBLICATION, DISTRIBUTION, MANUFACTURE, AND COPYRIGHT NOTICE
Place of production, publication, distribution, manufacture Kota Bahru, Kelantan :
Name of producer, publisher, distributor, manufacturer Al Kafilah Enterprise ,
Date of production, publication, distribution, manufacture, or copyright notice 1996
300 ## - PHYSICAL DESCRIPTION
Extent xii, 174 pages :
Other physical details illustrations ;
Dimensions 22 cm
336 ## - CONTENT TYPE
Source rdacontent
Content type term text
337 ## - MEDIA TYPE
Source rdamedia
Media type term unmediated
338 ## - CARRIER TYPE
Source rdacarrier
Carrier type term volume
942 ## - ADDED ENTRY ELEMENTS (KOHA)
-- dc
Koha item type Book
Holdings
Withdrawn Not for loan Current library Shelving location Date acquired Full call number Barcode Date last seen Koha item type
  Not For Loan Perpustakaan Alor Setar Koleksi Ismail Hussein 02/01/1999 KIH 907.2 UNG A00178995 01/06/2018 Book
  Not For Loan Perpustakaan Baling Koleksi A.Rahmad 01/12/2005 KAR 907.2 UNG A00500784 01/06/2018 Book